Acerca de la ciudad

-д хадгалсан:
Номзүйн дэлгэрэнгүй
Үндсэн зохиолч: Koolhaas, Rem (Зохиогч)
Формат: Ном
Хэл сонгох:испани
Хэвлэсэн: Barcelona Gustavo Gili 2014
Хэвлэл:1a. ed
Нөхцлүүд:
Шошгууд: Шошго нэмэх
Шошго байхгүй, Энэхүү баримтыг шошголох эхний хүн болох!

MARC

LEADER 00000cam a2200000 a 4500
001 UCE6305
003 CL-VaPUC
008 150402e20140000sp |||||||||||||||||spa|d
020 |a 9788425227530 
082 0 4 |a 711.4  |b KOO  |2 21 
100 |a Koolhaas, Rem  |e author  |9 472666 
245 1 0 |a Acerca de la ciudad 
250 |a 1a. ed 
300 |a 111 p 
942 |c BK 
945 |d 20150402 11:08:00  |a arojas 
260 |a Barcelona  |b Gustavo Gili  |c 2014 
500 |a ¿Qué fue del urbanismo? 
500 |a Grandeza, o el problema de la talla 
500 |a La ciudad genérica 
500 |a Espacio basura 
650 0 |a Urbanismo  |9 255208 
650 0 |a Ciudades  |9 265474 
583 |a last modification  |c 20150402 11:08:00  |k Rodrigo Vera 
999 |c 358658  |d 358656 
952 |0 0  |1 0  |3 erb  |4 0  |6 711_400000000000000_KOO_2014  |7 0  |8 R  |9 467505  |a BIBART  |b BIBART  |i 5143446  |o 711.4 KOO 2014  |p 5143446  |r 2025-03-13  |w 2019-11-23  |y BK_R  |z Catalogado en:20150402  |k ART